000 00517nam a2200181 i 4500
001 86974
003 ES-MaACL
005 20230906175549.0
007 t|
008 041217s1970 sp ||||1| spa d
100 1 _aKonsalik, Heinz G.
_968565
245 1 0 _aFrutas silvestres como postres /
_cHeinz G. Kosalik ; [versión, J. Ruiz].
250 _a[1ª ed.].
260 _aBarcelona :
_bLuis de Caralt,
_c[1970]
300 _a406 p. ;
_c21 cm.
700 1 _aRuiz, J.
_9100611
852 _aES-MaACL
_jC-39618
_bR.74947
999 _c86974
_d86974